Manifiesto del 1° de mayo de 1980 -CNUS-
Salvato in:
| Ente Autore: | |
|---|---|
| Natura: | testo |
| Pubblicazione: |
San José:
Frente Democrático contra la Represión
|
| Tags: |
Aggiungi Tag
Nessun Tag, puoi essere il primo ad aggiungerne!!
|
MARC
| LEADER | 00000 a a2200000 04500 | ||
|---|---|---|---|
| 001 | 15507 | ||
| 003 | |||
| 040 | |a CRAI/IIS |c CRAI/IIS | ||
| 090 | |a 019100 | ||
| 110 | |a FDCR. Comité Nacional de Unidad Sindical (Guatemala) | ||
| 245 | |a Manifiesto del 1° de mayo de 1980 -CNUS- | ||
| 260 | |a San José: |b Frente Democrático contra la Represión | ||
| 300 | |a 7 p. | ||
| 999 | |c 16944 |d 16944 | ||
